| 000 | 00525pab a2200193 454500 | ||
|---|---|---|---|
| 008 | 180718b1999 xxu||||| |||| 00| 0 eng d | ||
| 100 | _aRoy, T.K. | ||
| 245 | _aEconomic condition and fertility: is there a relationship | ||
| 260 | _c1999 | ||
| 300 | _ap.3041-046 | ||
| 362 | _a16 and 23 Oct | ||
| 650 | _aIndia - Economic conditions | ||
| 650 | _aFertility - India | ||
| 650 | _aFertility | ||
| 700 | _aBanerjee, Sushanta | ||
| 700 | _aJayachandran, V. | ||
| 773 | _aEconomic and Political Weekly | ||
| 909 | _a42790 | ||
| 999 |
_c42790 _d42790 |
||